Física y química para aprender y aprobar 1 (Registro nro. 2445)
[ vista simple ]
| 000 -Cabecera | |
|---|---|
| Campo de control de longitud fija | 00957aam a2200409 4500 |
| 005 - Fecha y hora de la última transacción | |
| Campo de control | 20240319185614.0 |
| 008 - Elementos de longitud fija--Información general | |
| Campo de control de longitud fija | 150529b2010 xxu||||| |||| 00| 0 spa d |
| 020 ## - International Standard Book Number | |
| Número Internacional Estándar del Libro (ISBN) | 9788449440595 |
| 041 ## - Idioma | |
| Código de idioma | Español |
| 082 ## - Clasificación Decimal Dewey | |
| Número de clasificación | 530 F528f |
| 245 ## - Título propiamente dicho | |
| Título | Física y química para aprender y aprobar 1 |
| 260 ## - Pie de imprenta | |
| Lugar de publicación, distribución, etc. | España |
| 260 ## - Pie de imprenta | |
| Nombre del editor, distribuidor, etc. | Océano |
| 260 ## - Pie de imprenta | |
| Fecha de publicación, distribución, etc. | 2010 |
| 300 ## - Descripción física | |
| Extensión | 240 páginas |
| 650 ## - Materia general | |
| Temática (materia general) | FISICA |
| 650 ## - Materia general | |
| Temática (materia general) | MECÁNICA |
| 650 ## - Materia general | |
| Temática (materia general) | ACÚSTICA |
| 650 ## - Materia general | |
| Temática (materia general) | OPTICA |
| 650 ## - Materia general | |
| Temática (materia general) | ESTATICA |
| 650 ## - Materia general | |
| Temática (materia general) | DINÁMICA |
| 650 ## - Materia general | |
| Temática (materia general) | TEORÍA DE LA RELATIVIDAD |
| 650 ## - Materia general | |
| Temática (materia general) | CINEMÁTICA |
| 650 ## - Materia general | |
| Temática (materia general) | TRABAJO |
| 650 ## - Materia general | |
| Temática (materia general) | POTENCIA |
| 650 ## - Materia general | |
| Temática (materia general) | ENERGÍA |
| 650 ## - Materia general | |
| Temática (materia general) | MOVIMIENTO CIRCULAR |
| 650 ## - Materia general | |
| Temática (materia general) | MOVIMIENTO OSCILATORIOS |
| 650 ## - Materia general | |
| Temática (materia general) | HIDRODINÁMICA |
| 650 ## - Materia general | |
| Temática (materia general) | ACÚSTICA |
| 650 ## - Materia general | |
| Temática (materia general) | TERMOLOGÍA |
| 650 ## - Materia general | |
| Temática (materia general) | MAGNETISMO |
| 650 ## - Materia general | |
| Temática (materia general) | ELECTROESTATICA |
| 650 ## - Materia general | |
| Temática (materia general) | TRABAJO |
| 650 ## - Materia general | |
| Temática (materia general) | POTENCIA |
| 942 ## - Punto de acceso adicional KOHA | |
| Tipo de ítem KOHA | Libro |
| Fuente del sistema de clasificación o colocación | Dewey Decimal Classification |
| Signatura completa | Código de barras | Tipo de ítem |
|---|---|---|
| 530 F528f | 15277 | Libro |